Differential diagnosis for physical therapists: (Record no. 34752)

MARC details
000 -LEADER
fixed length control field 00554nam a22001937a 4500
005 - DATE AND TIME OF LATEST TRANSACTION
control field 20231206115153.0
008 - FIXED-LENGTH DATA ELEMENTS--GENERAL INFORMATION
fixed length control field 231204b |||||||| |||| 00| 0 eng d
020 ## - INTERNATIONAL STANDARD BOOK NUMBER
ISBN 9781437725438
082 ## - DEWEY DECIMAL CLASSIFICATION NUMBER
Classification number 615.82
Item number SYN
100 ## - MAIN ENTRY--AUTHOR
Author Name Goodman; Catherine, Cavallaro
245 ## - TITLE STATEMENT
Title Differential diagnosis for physical therapists:
Remainder of title Screening for referral,
Statement of responsibility, etc. Goodman; Catherine, Cavallaro
250 ## - EDITION STATEMENT
Edition statement 6th ed.
260 ## - PUBLICATION, DISTRIBUTION, ETC.
Place of Publication USA
Name of publisher, distributor, etc. Elsevier
Date of publication, distribution, etc. 2018
300 ## - PHYSICAL DESCRIPTION
Pages 779
500 ## - GENERAL NOTE
General note Include Index
650 ## - SUBJECT ADDED ENTRY--TOPICAL TERM
Subject / Department Medical
700 ## - ADDED ENTRY--PERSONAL NAME
Personal name Synder,teresa E.Kelly
952 ## - LOCATION AND ITEM INFORMATION (KOHA)
-- 0
-- 0
Holdings
Lost status Damaged status Collection code Permanent Location Current Location Shelving Location Date acquired Full Call Number Accession No./Barcode Date last seen item type Koha item type
    Medical /Allied Heath Science Superior Information Resource Center (SIRC) Superior University- Main Campus Superior Information Resource Center (SIRC) Superior University- Main Campus Medical 12/04/2023 615.82 SNY-D 2018 29008 12/04/2023 BOOK BOOK

Powered by Koha